Finančná analýza vybraného podnikateľského subjektu diplomová práca

Salvato in:
Dettagli Bibliografici
Autore principale: Gonda, Maroš
Ente Autore: Národohospodárska fakulta EU. Katedra financií
Altri autori: Jančovičová Bognárová, Kristína, 1979-
Natura: Libro
Lingua:slovacco
Pubblicazione: Bratislava 2018
Tags: Aggiungi Tag
Nessun Tag, puoi essere il primo ad aggiungerne!!

MARC

LEADER 00000nbm a2200000 4500
001 0244317
005 20181114095300.9
041 0 |a slo 
044 |a SK 
245 1 0 |a Finančná analýza vybraného podnikateľského subjektu  |b diplomová práca  |c Maroš Gonda ; školiteľ: Kristína Jančovičová Bognárová 
264 1 |a Bratislava  |c 2018 
300 |a 57 s. 
100 1 |a Gonda, Maroš 
700 1 |a Jančovičová Bognárová, Kristína, 1979- 
710 2 |a Národohospodárska fakulta EU. Katedra financií